000
00319nam a22001337a 4500
020
_a
978-8122427233
041
_a
ENG
100
_a
Rao.S.S
245
_a
Engineering Optimization Theory and Practice
260
_a
New Delhi
_b
New Age International
_c
2000
300
_a
903
650
_a
SWCE
856
_u
SWCE ( 24 )
999
_c
1813
_d
1813